000 00448nam a22001697a 4500
003 NUST - PNEC
005 20170116181035.0
008 150812b xxu||||| |||| 00| 0 eng d
020 _a0072390549
040 _cLIBRARY
082 _a620.4022 CEN
100 _95153
_a Çengel, Yunus A
245 _aFundamentals of thermal-fluid sciences
_cYunus A, Çengel
260 _cc.2001
650 _911332
_aThermal-fluid science
_xME
942 _2ddc
_cBK
999 _c67894
_d67894